Представление документа в формате RUSMARC

ПолеНазваниеЗначение
  Тип записи a
  Библиографический уровень m
001 Контрольный номер RU/IS/BASE/506702904
005 Дата корректировки 20240209174619.9
010 Индекс ISBN __
a ISBN
b Уточнения в пер.
d Цена 31 р. 50 к.
100 Данные общей обработки __
a Данные общей обработки 20160121d2016 ||| 0rusy0189 ca
101 Язык документа 0_
a Язык текста rus
102 Страна публикации __
a Страна публикации RU
105 Кодированные данные (монография) __
a Кодированные данные (монография) y###||||000|y
200 Заглавие и сведения об ответственности 1_
a Заглавие Франц Кафка
b Общее обозначение материала Текст
f Первые сведения об ответственности В. Беньямин
g Последующие сведения об ответственности пер. с нем. М. Рудницкого
g Последующие сведения об ответственности предисл. М. Рыклина
210 Выходные данные 1_
a Место издания Москва
c Издательство AdMarginem
d Дата издания 2000
215 Физическое описание __
a Объем 319 с.
225 Серия 0_
a Серия Коллекция "Философия по краям"
300 Общие примечания __
a Общие примечания Ограничения по возрасту - 18+
300 Общие примечания __
a Общие примечания Под инв. номером 77634 : 8-1
600 Персоналии _0
a Персоналии (Фамилия) Кафка
b Персоналии (Имя, инициалы) Ф.
606 Тематические рубрики 0_
a Основная рубрика Кафка, Франц (1883-1924)
610 Ключевые слова 0_
a Ключевые слова литературоведение
a Ключевые слова литература австрийская
a Ключевые слова заметки
a Ключевые слова письма
686 Индексы других классификаций __
a Классификационный индекс 83.3(4Авс)
2 Код системы ББК
700 Автор _0
a Фамилия Беньямин
b Имя (инициалы) В.
801 Источник записи _0
a Страна RU
b Организация МБУК ЦБС
c Дата составления 20160121
g Правила каталогизации RCR
801 Источник записи _1
a Страна RU
b Организация МБУК ЦБС г. Ульяновска
c Дата составления 20160121
g Правила каталогизации RCR
899 Данные о местонахождении __
i Авторский знак Б 46
j Расстановочный фильтр 83.3(4)
901 Тип документа __
t Тип документа m
910 Корректоры записи __
a Корректор записи Плотникова